| 000 | 00476cam a22001691 4500 | ||
|---|---|---|---|
| 082 |
_a624.18923 _bBEE _cD. |
||
| 100 | 1 |
_aBeedle, Lynn S. _943346 |
|
| 245 | 1 | 0 | _aPlastic design of steel frames. |
| 260 |
_aNew York, _bWiley _c[1958] |
||
| 300 |
_a406 p. _billus. _c24 cm. |
||
| 526 |
_a0 _b0 _c0 _d624_189230000000000_BEE |
||
| 650 | 0 | _aBuilding, Iron and steel. | |
| 650 | 0 |
_aMCE _9379 |
|
| 650 | 0 |
_aPlasticity. _919040 |
|
| 650 | 0 |
_aStructural frames. _925192 |
|
| 942 |
_2ddc _cBK |
||
| 999 |
_c547165 _d547165 |
||